विनायकविजयग्रंथ-श्रीगणेशाचे सात अवतार यांचेचरित्रवर्णन-ओवीबद्ध. (Record no. 1351476)

MARC details
000 -LEADER
fixed length control field 01255nam a2200181Ia 4500
008 - FIXED-LENGTH DATA ELEMENTS--GENERAL INFORMATION
fixed length control field 151202s9999||||xx |||||||||||||| ||und||
082 ## - DEWEY DECIMAL CLASSIFICATION NUMBER
Item number PNVM-121347
100 ## - MAIN ENTRY--PERSONAL NAME
Personal name संपा-नारायणशास्त्री जोशी आंजर्लेकर
245 ## - TITLE STATEMENT
Title विनायकविजयग्रंथ-श्रीगणेशाचे सात अवतार यांचेचरित्रवर्णन-ओवीबद्ध.
260 ## - PUBLICATION, DISTRIBUTION, ETC. (IMPRINT)
Name of publisher, distributor, etc "नारायणशास्त्री जोशी -आंजर्लेकर,रत्नागिरी."
260 ## - PUBLICATION, DISTRIBUTION, ETC. (IMPRINT)
Date of publication, distribution, etc 1901
300 ## - PHYSICAL DESCRIPTION
Extent 119
600 ## - SUBJECT ADDED ENTRY--PERSONAL NAME
Personal name संपा-नारायणशास्त्री जोशी आंजर्लेकर
630 ## - SUBJECT ADDED ENTRY--UNIFORM TITLE
Uniform title विनायकविजयग्रंथ-श्रीगणेशाचे सात अवतार यांचेचरित्रवर्णन-ओवीबद्ध.
700 ## - ADDED ENTRY--PERSONAL NAME
Personal name संपा-नारायणशास्त्री जोशी आंजर्लेकर
730 ## - ADDED ENTRY--UNIFORM TITLE
Uniform title विनायकविजयग्रंथ-श्रीगणेशाचे सात अवतार यांचेचरित्रवर्णन-ओवीबद्ध.
942 ## - ADDED ENTRY ELEMENTS (KOHA)
Koha item type Book
Holdings
Withdrawn status Lost status Damaged status Not for loan Home library Current library Date acquired Cost, normal purchase price Total Checkouts Full call number Barcode Date last seen Cost, replacement price Price effective from Koha item type
        Pune Nagar Vachan Mandir, Pune Pune Nagar Vachan Mandir, Pune 06/21/2015 0.00   PNVM-121347 PNVM-121347 12/02/2015 0.00 12/02/2015 Book